ਜੱਸੀ ਸਰਪੰਚ : (Record no. 110465)

MARC details
000 -LEADER
fixed length control field 00884nam a22002417a 4500
010 ## - LIBRARY OF CONGRESS CONTROL NUMBER
LC control number B-028490
020 ## - INTERNATIONAL STANDARD BOOK NUMBER
Terms of availability 105.00
035 ## - SYSTEM CONTROL NUMBER
System control number B-028490
037 ## - SOURCE OF ACQUISITION
Stock number Cen Lib/Ret
040 ## - CATALOGING SOURCE
Original cataloging agency DPL
Language of cataloging PA
082 ## - DEWEY DECIMAL CLASSIFICATION NUMBER
Classification number
Item number ਰਾਮਸ
100 ## - MAIN ENTRY--PERSONAL NAME
Personal name ਰਾਮ ਸਰੂਪ ਅਣਖੀ
9 (RLIN) 2170
245 ## - TITLE STATEMENT
Title ਜੱਸੀ ਸਰਪੰਚ :
Statement of responsibility, etc ਰਾਮ ਸਰੂਪ ਅਣਖੀ
Remainder of title ਨਾਵਲ /
246 ## - VARYING FORM OF TITLE
Title proper/short title Jassi sarpanch : novel /
Remainder of title by Ram Sarup Anakhi
260 ## - PUBLICATION, DISTRIBUTION, ETC. (IMPRINT)
Place of publication, distribution, etc ਦਿੱਲੀ
Name of publisher, distributor, etc ਆਰਸੀ ਪਬਲਿਸ਼ਰਜ਼
Date of publication, distribution, etc 2000
270 ## - ADDRESS
Address ਚਾਂਦਨੀ ਚੋਕ
City ਦਿੱਲੀ
Postal code 110006
300 ## - PHYSICAL DESCRIPTION
Extent 141p ;
Other physical details 24cm(Hb)
650 ## - SUBJECT ADDED ENTRY--TOPICAL TERM
Topical term or geographic name as entry element ਸਾਹਿਤ --ਪੰਜਾਬੀ
9 (RLIN) 127484
650 ## - SUBJECT ADDED ENTRY--TOPICAL TERM
Topical term or geographic name as entry element ਪੰਜਾਬੀ -- ਨਾਵਲ
9 (RLIN) 127485
650 ## - SUBJECT ADDED ENTRY--TOPICAL TERM
Topical term or geographic name as entry element literature--Punjabi
9 (RLIN) 127486
650 ## - SUBJECT ADDED ENTRY--TOPICAL TERM
Topical term or geographic name as entry element Punjabi-- noval
9 (RLIN) 115816
942 ## - ADDED ENTRY ELEMENTS (KOHA)
Source of classification or shelving scheme Dewey Decimal Classification
Koha item type Punjabi Bks
Classification part
Call number suffix ਰਾਮਸ
Holdings
Withdrawn status Lost status Damaged status Not for loan Home library Current library Date acquired Source of acquisition Cost, normal purchase price Total Checkouts Full call number Barcode Date last seen Copy number Cost, replacement price Price effective from Koha item type
        Central Library Central Library 22/01/2016 Cen Lib/Ret 105.00   ਓ ਰਾਮਸ B-028490 22/01/2016 1 105.00 22/01/2016 Punjabi Bks

© Delhi Public Library
Hit Counter
free hit counter